| 000 | 00687nam a22001815i 4500 | ||
|---|---|---|---|
| 001 | 162597 | ||
| 003 | ES-MaACL | ||
| 005 | 20230906212548.0 | ||
| 008 | 041119m18641865it |||| | ita d | ||
| 040 |
_aCAM _bspa _cCAM |
||
| 100 | 1 |
_aPrisco, Giuseppe. _9131377 |
|
| 245 | 1 | 0 |
_aElementi di filosofia speculativa secondo le dottrine degli scolastici specialmente di San Tommaso d'Aquino / _cper Giuseppe Prisco. |
| 250 | _a2. ed. notevolmente corretta dall'autore. | ||
| 260 |
_aNapoli : _b[s.n.], _c1864-1865 ( _fStamperia e cartiere del Fibreno) |
||
| 300 |
_a2 v. (XXIII, 232; 438 p.) ; _c24 cm. |
||
| 752 |
_aItalia - _dNapoles |
||
| 852 |
_aES-MaACL _jG-10443-10444 _z-- Enc. hol. |
||
| 999 |
_c162597 _d162597 |
||